Top 100 Baby Girl Names of 2011 Quiz Stats

 Plays Quiz not verified by Sporcle

Also try: 'A' Logos
Challenge
Share
Tweet
Embed
Score 0/100 Timer 15:00
0 Plays Today
Rank Name % Correct
2.Emma
93.1%
9.Emily
92.9%
3.Isabella
90.6%
4.Olivia
90.2%
28.Sarah
89.5%
33.Anna
89.5%
1.Sophia
89.1%
24.Hannah
88.8%
34.Elizabeth
88.6%
5.Ava
86.8%
8.Madison
86.8%
35.Sophie
85%
7.Chloe
84.6%
6.Lily
84.2%
14.Ella
84.2%
63.Victoria
83.7%
29.Grace
82.6%
72.Julia
81.5%
98.Katherine
81.5%
27.Natalie
81.3%
48.Isabelle
81.3%
12.Mia
81%
84.Maria
80.8%
88.Alexa
80.8%
42.Samantha
80.6%
47.Alexis
79.9%
66.Kayla
78.8%
74.Alexandra
78.8%
10.Abigail
78.6%
93.Kate
78.1%
11.Addison
77.9%
15.Hailey
77.5%
50.Evelyn
77.2%
25.Charlotte
77%
Rank Name % Correct
53.Allison
77%
85.Eva
76.8%
41.Lillian
76.6%
51.Leah
75.4%
59.Lauren
75.2%
26.Bella
74.6%
39.Gabriella
74.6%
62.Brianna
74.1%
57.Taylor
73.9%
45.Alyssa
73.7%
30.Amelia
73.4%
44.Audrey
72.5%
90.Brooke
72.3%
16.Kaylee
71.4%
17.Avery
71.2%
77.Caroline
70.5%
36.Claire
70.1%
55.Lucy
69.6%
65.Aria
69.4%
97.Paige
69.4%
19.Riley
69%
20.Aubrey
69%
32.Arianna
68.8%
58.Molly
68.5%
21.Brooklyn
68.1%
18.Kaitlyn
67.9%
46.Ellie
67.9%
31.Kylie
67.2%
54.Maya
66.7%
78.Mackenzie
66.3%
79.Jasmine
66.3%
49.Savannah
66.1%
13.Madelyn
65.8%
73.Bailey
65.4%
Rank Name % Correct
82.Morgan
65.4%
83.Nevaeh
61.8%
22.Peyton
61.4%
23.Layla
60.7%
43.Makayla
60.5%
56.Sydney
58.9%
76.Nora
56.9%
92.Violet
56.9%
80.Jocelyn
56.5%
38.Aaliyah
56.3%
60.Harper
53.6%
67.Annabelle
52.9%
96.Sadie
52.7%
70.Stella
52.5%
86.Juliana
52.2%
68.Gianna
51.3%
37.Lila
49.3%
89.Summer
49.3%
91.Penelope
49.3%
81.Kendall
48.7%
87.Abby
48.2%
69.Kennedy
48%
64.Liliana
47.3%
100.Piper
47.3%
95.Ashlyn
46.7%
75.Jordyn
46.4%
99.Sienna
46.2%
61.Scarlett
44.6%
40.Elise
43.8%
71.Reagan
43.5%
52.Keira
41.1%
94.Hadley
36.6%

You're not logged in!

Compare scores with friends on all Sporcle quizzes.
Join for Free
OR
Log In

You Might Also Like...

Show Comments

Extras

Created Jan 5, 2012ReportNominate
Tags:100, 2011, baby, Baby Girl, girl, Top 100

Top Quizzes Today


Score Distribution

Your Account Isn't Verified!

In order to create a playlist on Sporcle, you need to verify the email address you used during registration. Go to your Sporcle Settings to finish the process.

Report this User

Report this user for behavior that violates our Community Guidelines.

Details: